000 00532nam a2200181Ia 4500
005 20250326123955.0
008 250326s9999 xx 000 0 und d
037 _aTextbook
040 _aFMSL
_beng
_cFMSL
041 _aeng
_2eng
084 _aV448 L2
_qFMSL
100 _aMaheshwari S
245 0 _aGovernment through consultation: advisory committees in Indian government
_cMaheshwari S
260 _aNew Delhi
_bNew Delhi, I I P A
_c1972
300 _a380p
942 _cTB
_hV448 L2
999 _c1271719
_d1271719